000 00724nam a2200241Ia 4500
003 OSt
005 20220925231815.0
006 a|||||r|||| 00| 0
007 ta
008 220923b |||||||| |||| 00| 0 eng d
037 _cGeneral Book
040 _aRTL
_cRTL
_beng
041 _2eng
_aeng
082 _aX:8:(D6,9(B), L1
100 _aWithington Frederic G.
_917733
245 0 _aUse of computers in business organization
250 _a2nd
260 _aMassachusetts
_bAddison Wesley
_c1971
300 _axi, 270p. Bibliography p.235-38; Glossary p.241-64
_ccm.
650 _aManagement
_930681
942 _hX:8:(D6,9(B), L1
_cGB
_2CC
999 _c589482
_d589482